书目信息 |
| 题名: |
逻辑哲学九章
|
|
| 作者: | 张清宇 主编 | |
| 分册: | ||
| 出版信息: | 南京 江苏人民出版社 2004 |
|
| 页数: | 479页 | |
| 开本: | 21cm | |
| 丛书名: | ||
| 单 册: | ||
| 中图分类: | B81-05 , B81 | |
| 科图分类: | ||
| 主题词: | 逻辑哲学--研究 , 逻辑哲学 , DISPLAY逻辑 | |
| 电子资源: | ||
| ISBN: | 7-214-03850-1 | |
| 000 | 00927nam0 2200277 450 | |
| 001 | 0932192703 | |
| 005 | 20090928085814.26 | |
| 010 | @a7-214-03850-1@dCNY25.00 | |
| 100 | @a20050221d2004 em y0chiy50 ea | |
| 101 | 0 | @achi |
| 102 | @aCN@b320000 | |
| 105 | @ay z 000yy | |
| 106 | @ar | |
| 200 | 1 | @a逻辑哲学九章@f张清宇主编@Aluo ji zhe xue jiu zhang |
| 210 | @a南京@c江苏人民出版社@d2004 | |
| 215 | @a479页@d21cm | |
| 300 | @a国家社会科学基金项目 中国社会科学院哲学研究所重点项目 中国社会科学院哲学研究所出版基金资助项目 | |
| 330 | @a本书共分9章,介绍了现代逻辑的一些最基本的概念和内容,对逻辑研究推理相关的问题提出了一系列的解释。 | |
| 606 | 0 | @a逻辑哲学@x研究 |
| 606 | 0 | @a逻辑哲学 |
| 606 | 0 | @aDISPLAY逻辑 |
| 690 | @aB81-05@v4 | |
| 690 | @aB81@v4 | |
| 701 | 0 | @a张清宇@f(1944.4~)@4主编@Azhang qing yu |
| 801 | 0 | @aCN@b大连网信软件有限公司图书馆·11@c20090928 |
| 905 | @a10447@dB81@eJY54 | |
| 逻辑哲学九章/张清宇主编.-南京:江苏人民出版社,2004 |
| 479页;21cm |
| 国家社会科学基金项目 中国社会科学院哲学研究所重点项目 中国社会科学院哲学研究所出版基金资助项目 |
| ISBN 7-214-03850-1:CNY25.00 |
| 本书共分9章,介绍了现代逻辑的一些最基本的概念和内容,对逻辑研究推理相关的问题提出了一系列的解释。 |
| ● |
| 相关链接 |
|
|
|
|
正题名:逻辑哲学九章
索取号:B81/JY54
 
预约/预借
| 序号 | 登录号 | 条形码 | 馆藏地/架位号 | 状态 | 备注 |
| 1 | 7804858 | 278048587 | 学院路分馆/ [索取号:B81/JY54] | 在馆 | |
| 2 | 7804859 | 278048596 | 学院路分馆/ [索取号:B81/JY54] | 在馆 |